000
00312 a2200145 4500
001
151973
040
_c
Escola São Tomás de Aquino
240
1
0
_a
O livro da fortuna
_l
por
245
1
0
_a
O livro da fortuna
300
_a
93
362
0
_a
1997
440
1
_a
FTD
697
_a
*LITERATURA JUVENIL
942
_c
BK
999
_c
151973
_d
151973